| 000 | 01097nam a22002057a 4500 | ||
|---|---|---|---|
| 999 |
_c58957 _d58957 |
||
| 003 | Ge_BSU | ||
| 005 | 20221024152707.0 | ||
| 008 | 221024s2002 ge ||||| |||| 00| 0 geo d | ||
| 020 | _a9992837381 | ||
| 041 | _ageo | ||
| 080 | _a316.485 კ-73 | ||
| 245 |
_aკონფლიქტზე მუშაობა : _bუნარ-ჩვევები და სტრატეგიები / _cსაიმონ ფიშერი, ჯავედ ლუდინი, სტივ უილიამსი და სხვ. ; [მთარგმნ.: ასმათ ლეკიაშვილი]. |
||
| 264 |
_aთბილისი: _bმშვიდობის, დემოკრ. და განვ. კავკას. ინ-ტი, _c2002. |
||
| 300 |
_a226 გვ. ; _b26 სმ. |
||
| 653 | _aკონფლიქტები | ||
| 653 | _aკონფლიქტის ტრანსფორმაცია | ||
| 653 | _aმშვიდობიანი გზით. | ||
| 700 |
_aფიშერი, საიმონ _eავტორი _915492 |
||
| 942 |
_2udc _cBK |
||